Logo Biblioteca

Ética para amador / (Registro nro. 239)

Detalles MARC
000 -LEADER
fixed length control field 00819nam a22001937a 4500
003 - CONTROL NUMBER IDENTIFIER
control field OSt
005 - DATE AND TIME OF LATEST TRANSACTION
control field 20241212111013.0
008 - FIXED-LENGTH DATA ELEMENTS--GENERAL INFORMATION
fixed length control field 240513s1991 |||||||| |||| 00| e spa d
020 ## - INTERNATIONAL STANDARD BOOK NUMBER
International Standard Book Number 9509122025
040 ## - CATALOGING SOURCE
Transcribing agency besoc
100 1# - MAIN ENTRY--PERSONAL NAME
Personal name Savater, Fernando
Relator term 1947-
245 10 - TITLE STATEMENT
Title Ética para amador /
Statement of responsibility, etc. Fernando Savater
260 ## - PUBLICATION, DISTRIBUTION, ETC.
Place of publication, distribution, etc. Buenos Aires :
Name of publisher, distributor, etc. Ariel,
Date of publication, distribution, etc. 1991
300 ## - PHYSICAL DESCRIPTION
Extent 189 p.
490 0# - SERIES STATEMENT
Series statement Serie Ápeiron : Invitación a la filosofía
505 ## - FORMATTED CONTENTS NOTE
Formatted contents note Aviso antipedagógico -- Prólogo -- De qué va la ética -- Órdenes, costumbres y caprichos -- Haz lo que quieras -- Date la buena vida -- ¡Despierta, baby! -- Aparece Pepito Grillo -- Ponte en su lugar -- Tanto gusto -- Elecciones generales -- Epílogo. Tendrás que pensártelo.-
650 #4 - SUBJECT ADDED ENTRY--TOPICAL TERM
Topical term or geographic name entry element Literatura española
Form subdivision Ensayo
General subdivision Filosofía
Chronological subdivision Siglo XX
942 ## - ADDED ENTRY ELEMENTS (KOHA)
Source of classification or shelving scheme Universal Decimal Classification
Koha item type Obra General
Suppress in OPAC No
Existencias
Withdrawn status Lost status Source of classification or shelving scheme Damaged status Not for loan Collection Home library Current library Date acquired Total checkouts Full call number Barcode Date last seen Copy number Price effective from Koha item type
    Universal Decimal Classification     Colección General Biblioteca Escuela de Ciencias Sociales Biblioteca Escuela de Ciencias Sociales 13/05/2024   82-4(460) SA266 000523 13/05/2024 Ej. 1 13/05/2024 Obra General
Biblioteca de la Escuela Preuniversitaria en Ciencias Sociales y Humanísticas.
Riobamba 250 bis.
CP 2000 - Rosario - Santa Fe
E-Mail: biblioteca@esociales.unr.edu.ar